00358nam a2200133 a 4500008004100000020001500041050001500056100002100071245004600092250001200138260004400150350000900194700002100203120416s1995 ||||||||||||||||| || u a8120311388 aTS 181 Nar aNarasimhan, S. L10aProduction planning and inventory control a2nd ed. aNew DelhibPrentice-Hall of Indiac1995 a0.00 aBillington, P. J